Hanbury and Maudsley Modern equity / (Record no. 3552)

MARC details
000 -LEADER
fixed length control field 01099cam a2200349 a 4500
001 - CONTROL NUMBER
control field 2870778
003 - CONTROL NUMBER IDENTIFIER
control field OSt
005 - DATE AND TIME OF LATEST TRANSACTION
control field 20230704082745.0
008 - FIXED-LENGTH DATA ELEMENTS--GENERAL INFORMATION
fixed length control field 851025s1985 enk 001 0 eng
010 ## - LIBRARY OF CONGRESS CONTROL NUMBER
LC control number 85220887
020 ## - INTERNATIONAL STANDARD BOOK NUMBER
International Standard Book Number 0420470506
020 ## - INTERNATIONAL STANDARD BOOK NUMBER
International Standard Book Number 0420470603 (pbk.)
040 ## - CATALOGING SOURCE
Original cataloging agency DLC
Transcribing agency DLC
Modifying agency DLC
043 ## - GEOGRAPHIC AREA CODE
Geographic area code e-uk-en
050 00 - LIBRARY OF CONGRESS CALL NUMBER
Classification number KD674
Item number .H3 1985
082 00 - DEWEY DECIMAL CLASSIFICATION NUMBER
Classification number 346.42/004
-- 344.206004
Edition number 19
Item number MAU
100 1# - MAIN ENTRY--PERSONAL NAME
Personal name Hanbury, Harold Greville,
Dates associated with a name 1898-1993.
240 10 - UNIFORM TITLE
Uniform title Modern equity
245 10 - TITLE STATEMENT
Title Hanbury and Maudsley Modern equity /
Statement of responsibility, etc. by Harold Greville Hanbury and Ronald Harling Maudsley.
250 ## - EDITION STATEMENT
Edition statement 11th ed. /
Remainder of edition statement by Jill E. Martin.
260 ## - PUBLICATION, DISTRIBUTION, ETC. (IMPRINT)
Place of publication, distribution, etc. London :
Name of publisher, distributor, etc. Stevens,
Date of publication, distribution, etc. 1985.
300 ## - PHYSICAL DESCRIPTION
Extent cxiv, 920 p. ;
Dimensions 26 cm.
500 ## - GENERAL NOTE
General note Rev. ed. of: Modern equity. 11th ed. 1981.
500 ## - GENERAL NOTE
General note Includes indexes.
650 #0 - SUBJECT ADDED ENTRY--TOPICAL TERM
Topical term or geographic name as entry element Equity
Geographic subdivision England.
700 1# - ADDED ENTRY--PERSONAL NAME
Personal name Maudsley, Ronald Harling.
700 1# - ADDED ENTRY--PERSONAL NAME
Personal name Martin, Jill E.
700 1# - ADDED ENTRY--PERSONAL NAME
Personal name Hanbury, Harold Greville,
Dates associated with a name 1898-1993.
Title of a work Modern equity.
740 0# - ADDED ENTRY--UNCONTROLLED RELATED/ANALYTICAL TITLE
Uncontrolled related/analytical title Modern equity.
906 ## - LOCAL DATA ELEMENT F, LDF (RLIN)
a 7
b cbc
c orignew
d 3
e ncip
f 19
g y-gencatlg
942 ## - ADDED ENTRY ELEMENTS (KOHA)
Source of classification or shelving scheme Dewey Decimal Classification
Koha item type Books
Holdings
Withdrawn status Lost status Source of classification or shelving scheme Damaged status Not for loan Home library Current library Date acquired Total Checkouts Full call number Barcode Date last seen Price effective from Koha item type
    Dewey Decimal Classification     County Hall Archives County Hall Archives 07/04/2023   346.42/004 MAU 10001021 07/04/2023 07/04/2023 Books
LIBRARY OPENING HOURS

When the Parliament is sitting: 8.00a.m - 7.00p.m or until the house adjourns
Mondays and Fridays and when the House is on Recess:  8.00a.m - 5.00p.m
Closed on Weekends and Public Holidays

Online Public Access Catalog (OPAC)
Website: http://www.parliament.go.ke
Bunge Library: https://libraryir.parliament.go.ke
Contact: library@parliament.go.ke | Tel no: (254-2)2221291 or 2848000 Ext 5043